| 000 | 00425nam a2200157Ia 4500 | ||
|---|---|---|---|
| 005 | 20250514014751.0 | ||
| 008 | 240331s9999 xx 000 0 und d | ||
| 020 | _a9552032512 | ||
| 082 |
_a294 _bABA |
||
| 100 | _aAbayasundara, V | ||
| 245 | 0 | _aAadima yugaye baoudda kanthawo | |
| 260 |
_aColombo _bS Godake & Brothers _c1999 |
||
| 300 | _a184 p ., | ||
| 500 | _aA Book About Ancient Buddhist Women's in Sri Lanka | ||
| 942 | _cL | ||
| 999 |
_c879 _d879 |
||